Geography Quiz

Random Geography or City Quiz

Largest US Cities, 1790-2010 Quiz Stats

 Plays Quiz not verified by Sporcle

Challenge
Share
Tweet
Embed
Score 0/138 Timer 08:00
0 Plays Today
Year City % Correct
1790New York
99.8%
1800New York
99.8%
1810New York
99.8%
1820New York
99.8%
1830New York
99.8%
1840New York
99.8%
1850New York
99.8%
1860New York
99.8%
1870New York
99.8%
1880New York
99.8%
1890New York
99.8%
1900New York
99.8%
1910New York
99.8%
1920New York
99.8%
1930New York
99.8%
1940New York
99.8%
1950New York
99.8%
1960New York
99.8%
1970New York
99.8%
1980New York
99.8%
1990New York
99.8%
2000New York
99.8%
2010New York
99.8%
1930Los Angeles
98.9%
1940Los Angeles
98.9%
1950Los Angeles
98.9%
1960Los Angeles
98.9%
1970Los Angeles
98.9%
1980Los Angeles
98.9%
1990Los Angeles
98.9%
2000Los Angeles
98.9%
2010Los Angeles
98.9%
1870Chicago
98.5%
1880Chicago
98.5%
1890Chicago
98.5%
1900Chicago
98.5%
1910Chicago
98.5%
1920Chicago
98.5%
1930Chicago
98.5%
1940Chicago
98.5%
1950Chicago
98.5%
1960Chicago
98.5%
1970Chicago
98.5%
1980Chicago
98.5%
1990Chicago
98.5%
2000Chicago
98.5%
Year City % Correct
2010Chicago
98.5%
1790Boston
98.2%
1800Boston
98.2%
1810Boston
98.2%
1820Boston
98.2%
1830Boston
98.2%
1840Boston
98.2%
1850Boston
98.2%
1860Boston
98.2%
1880Boston
98.2%
1890Boston
98.2%
1900Boston
98.2%
1910Boston
98.2%
1790Philadelphia
98.1%
1800Philadelphia
98.1%
1810Philadelphia
98.1%
1820Philadelphia
98.1%
1830Philadelphia
98.1%
1840Philadelphia
98.1%
1850Philadelphia
98.1%
1860Philadelphia
98.1%
1870Philadelphia
98.1%
1880Philadelphia
98.1%
1890Philadelphia
98.1%
1900Philadelphia
98.1%
1910Philadelphia
98.1%
1920Philadelphia
98.1%
1930Philadelphia
98.1%
1940Philadelphia
98.1%
1950Philadelphia
98.1%
1960Philadelphia
98.1%
1970Philadelphia
98.1%
1980Philadelphia
98.1%
1990Philadelphia
98.1%
2000Philadelphia
98.1%
2010Philadelphia
98.1%
1970Houston
96.3%
1980Houston
96.3%
1990Houston
96.3%
2000Houston
96.3%
2010Houston
96.3%
1920Detroit
92.1%
1930Detroit
92.1%
1940Detroit
92.1%
1950Detroit
92.1%
1960Detroit
92.1%
Year City % Correct
1970Detroit
92.1%
1980Detroit
92.1%
1790Baltimore
89.9%
1800Baltimore
89.9%
1810Baltimore
89.9%
1820Baltimore
89.9%
1830Baltimore
89.9%
1840Baltimore
89.9%
1850Baltimore
89.9%
1860Baltimore
89.9%
1870Baltimore
89.9%
1900Baltimore
89.9%
1950Baltimore
89.9%
1960Baltimore
89.9%
2000Phoenix
85.4%
2010Phoenix
85.4%
1870St. Louis
83.3%
1880St. Louis
83.3%
1890St. Louis
83.3%
1900St. Louis
83.3%
1910St. Louis
83.3%
1910Cleveland
83.3%
1920Cleveland
83.3%
1920St. Louis
83.3%
1930Cleveland
83.3%
1940Cleveland
83.3%
1990San Diego
80.6%
1820New Orleans
76.7%
1830New Orleans
76.7%
1840New Orleans
76.7%
1850New Orleans
76.7%
1860New Orleans
76.7%
1840Cincinnati
69.6%
1850Cincinnati
69.6%
1790Charleston
62.7%
1800Charleston
62.7%
1810Charleston
62.7%
1820Charleston
62.7%
1830Charleston
62.7%
1860Brooklyn
60.8%
1870Brooklyn
60.8%
1880Brooklyn
60.8%
1890Brooklyn
60.8%
1790Northern Liberties
27%
1800Northern Liberties
27%
1810Northern Liberties
27%

You're not logged in!

Compare scores with friends on all Sporcle quizzes.
Join for Free
OR
Log In

You Might Also Like...

Show Comments

Extras

Curator's Pick Mar 24, 2015SourceReportNominate
Tags:City Quiz, USA, US Cities

Top Quizzes Today


Score Distribution

Your Account Isn't Verified!

In order to create a playlist on Sporcle, you need to verify the email address you used during registration. Go to your Sporcle Settings to finish the process.

Report this User

Report this user for behavior that violates our Community Guidelines.

Details: